| 000 | 00000cam 2200000zi 4500 |
| 001 | 9.957962 |
| 003 | CaOODSP |
| 005 | 20251211154710 |
| 006 | m o d f |
| 007 | cr mn||||||||| |
| 008 | 251204t20252025qucb ob f000 0 fre d |
| 020 | |a9780660975672 |
| 040 | |aCaOODSP|bfre|erda|cCaOODSP |
| 041 | 0 |afre|bfre|beng |
| 043 | |an-cn-qu |
| 086 | 1 |aFs97-6/3742F-PDF |
| 100 | 1 |aGendreau, Yanick, |eauteur. |
| 245 | 10|aClassification écologique du territoire côtier de l'estuaire et du golfe du Saint-Laurent au Québec / |cYanick Gendreau, Biljana Narancic et Marie-Noëlle Bourassa. |
| 264 | 1|aMont-Joli (Québec) : |bDirection régionale des Sciences, Pêches et Océans Canada, |c2025. |
| 264 | 4|c©2025 |
| 300 | |a1 ressource en ligne (viii, 21 pages) : |bcartes. |
| 336 | |atexte|btxt|2rdacontent/fre |
| 337 | |ainformatique|bc|2rdamedia/fre |
| 338 | |aressource en ligne|bcr|2rdacarrier/fre |
| 490 | 1 |aRapport technique canadien des sciences halieutiques et aquatiques, |x1488-545X ; |v3742 |
| 504 | |aComprend des références bibliographiques (pages 19-21). |
| 546 | |aComprend des résumés en français et en anglais. |
| 650 | 6|aLittoral|xAménagement|zSaint-Laurent, Golfe du. |
| 650 | 6|aLittoral|xAménagement|zQuébec (Province)|zSaint-Laurent, Estuaire du. |
| 650 | 0|aCoastal zone management|zSaint Lawrence, Gulf of. |
| 650 | 0|aCoastal zone management|zQuébec (Province)|zSaint Lawrence River Estuary. |
| 710 | 1 |aCanada. |bMinistère des pêches et des océans, |eorganisme de publication. |
| 830 | #0|aRapport technique canadien des sciences halieutiques et aquatiques ;|v3742.|w(CaOODSP)9.500867 |
| 856 | 40|qPDF|s1.93 Mo|uhttps://publications.gc.ca/collections/collection_2025/mpo-dfo/fs97-6/Fs97-6-3742-fra.pdf |